000 00787nam0a22002651 4500
001 RU\NLR\A1SV\150229
005 20251203171251.9
035 _a(NLR Aleph) 011852063
090 _a12107609
_c12107609
100 _a20181019d1920 u y0rusy50 ca
101 0 _arus
102 _aRU
200 1 _aБогатства, выбрасываемые на ветер
_e(Зола, компост, ночное золото и кости)
_fАгроном К.Г.Теннис
205 _a1-е изд.
210 _aПсков
_cВторая гос. тип.
_d1920
215 _a32 с.
_d17 см
620 _dПсков
700 1 _aТеннис
_bК.Г.
801 0 _aRU
_bNLR
_c20181019
899 _aРГБ
899 _aРГБ
942 _cBOOK
980 _aNB
980 _aA1SV